[Event "Buenos Aires Masters op"]
[Site "Buenos Aires"]
[Date "2023.06.16"]
[Round "3"]
[White "Nascimbene, Ramiro"]
[Black "Campos, Maria Jose"]
[Result "0-1"]
[WhiteElo "1753"]
[BlackElo "2219"]
[PlyCount "60"]
[EventDate "2023.06.14"]
[EventType "swiss"]
[EventRounds "9"]
[EventCountry "ARG"]
[SourceTitle "CBM 215 Extra"]
[Source "ChessBase"]
[SourceDate "2023.09.30"]
[SourceVersion "1"]
[SourceVersionDate "2023.09.30"]
[SourceQuality "1"]

1. e4 e5 2. Nf3 Nc6 3. Bc4 Nf6 4. d3 Bc5 5. c3 d6 6. Bb3 h6 7. 0-0 0-0 8. Nbd2 a6 9. h3 Ba7 10. Re1 Ne7 11. Nf1 Ng6 12. Ng3 Re8 13. d4 Be6 14. Bxe6 Rxe6 15. d5 Re8 16. Nf5 Qd7 17. Nh2 Ne7 18. Ng4 Nxg4 19. Qxg4 Nxf5 20. Bxh6 Qa4 21. Bg5 Ne7 22. Bf6 Ng6 23. h4 gxf6 24. h5 Re7 25. hxg6 fxg6 26. Qxg6+ Rg7 27. Qh5 Rg5 28. Qh6 Rf8 29. Rad1 Bxf2+ 30. Kxf2 Qc2+ 0-1

[Event "Platense-ch"]
[Site "La Plata"]
[Date "2018.01.15"]
[Round "9"]
[White "Nascimbene, Ramiro"]
[Black "Vernetti, Daniel"]
[Result "0-1"]
[WhiteElo "1617"]
[BlackElo "1764"]
[PlyCount "94"]
[EventDate "2018.01.03"]
[EventType "swiss"]
[EventRounds "9"]
[EventCountry "ARG"]
[SourceTitle "EXT 2019"]
[Source "ChessBase"]
[SourceDate "2018.10.10"]
[SourceVersion "1"]
[SourceVersionDate "2018.10.10"]
[SourceQuality "1"]

1. e4 c6 2. d4 d5 3. e5 Bf5 4. Nf3 Qb6 5. b3 e6 6. Be2 h6 7. Nbd2 c5 8. c3 Nc6 9. Bb2 Nge7 10. Rc1 Ng6 11. g3 Be7 12. Nf1 cxd4 13. cxd4 0-0 14. Ne3 Bb4+ 15. Bc3 Be4 16. 0-0 Bxc3 17. Rxc3 Bxf3 18. Bxf3 Qxd4 19. Qc1 Qxe5 20. Ng4 Qg5 21. h4 Qxc1 22. Rfxc1 Nge5 23. Nxe5 Nxe5 24. Be2 g6 25. f4 Nc6 26. a3 Rfd8 27. Bf3 Kf8 28. Kf2 Ke7 29. g4 f6 30. b4 Kd6 31. Rc5 Ne7 32. Ke3 Rdc8 33. Rxc8 Rxc8 34. Rxc8 Nxc8 35. h5 gxh5 36. g5 hxg5 37. fxg5 fxg5 38. Bxh5 e5 39. Be2 e4 40. Kd4 Ne7 41. Bg4 b6 42. a4 Nc6+ 43. Kc3 Ke5 44. Bc8 a5 45. bxa5 bxa5 46. Bd7 Kd6 47. Bg4 Kc5 0-1

[Event "Platense-ch"]
[Site "La Plata"]
[Date "2018.01.12"]
[Round "7"]
[White "Nascimbene, Ramiro"]
[Black "Sosa, Carlos"]
[Result "1-0"]
[WhiteElo "1617"]
[BlackElo "1532"]
[PlyCount "83"]
[EventDate "2018.01.03"]
[EventType "swiss"]
[EventRounds "9"]
[EventCountry "ARG"]
[SourceTitle "EXT 2019"]
[Source "ChessBase"]
[SourceDate "2018.10.10"]
[SourceVersion "1"]
[SourceVersionDate "2018.10.10"]
[SourceQuality "1"]

1. e4 e6 2. d4 d5 3. e5 c5 4. c3 Nc6 5. Nf3 Qb6 6. a3 c4 7. Be2 Na5 8. Nbd2 Bd7 9. 0-0 Ne7 10. Qc2 Ng6 11. g3 h6 12. Rb1 Nb3 13. Nxb3 Qxb3 14. Qxb3 cxb3 15. Bd1 Ba4 16. Nd2 Be7 17. Bxb3 Bxb3 18. Nxb3 b6 19. Be3 Kd7 20. Nd2 b5 21. f4 Rhc8 22. f5 exf5 23. Rxf5 Ke6 24. Rbf1 Nh8 25. Nb3 a5 26. Nc5+ Bxc5 27. dxc5 Rc6 28. Bd4 a4 29. h4 Ra7 30. h5 Rd7 31. g4 Re7 32. g5 hxg5 33. Rxg5 Kd7 34. Rxg7 Rce6 35. Rh7 Ng6 36. hxg6 Rxg6+ 37. Kh2 Re8 38. Rfxf7+ Ke6 39. Rf6+ Rxf6 40. exf6 Kf5 41. f7 Re2+ 42. Kg3 1-0

[Event "Platense-ch"]
[Site "La Plata"]
[Date "2018.01.04"]
[Round "2"]
[White "Nascimbene, Ramiro"]
[Black "Romero, Martin"]
[Result "1-0"]
[WhiteElo "1617"]
[BlackElo "2185"]
[PlyCount "37"]
[EventDate "2018.01.03"]
[EventType "swiss"]
[EventRounds "9"]
[EventCountry "ARG"]
[SourceTitle "EXT 2019"]
[Source "ChessBase"]
[SourceDate "2018.10.10"]
[SourceVersion "1"]
[SourceVersionDate "2018.10.10"]
[SourceQuality "1"]

1. e4 e5 2. Nf3 Nc6 3. Bb5 Bc5 4. d3 d6 5. c3 d5 6. Nxe5 Qf6 7. Nf3 Bg4 8. exd5 a6 9. dxc6 axb5 10. cxb7 Qe7+ 11. Be3 Rb8 12. d4 Ba7 13. Nbd2 Nf6 14. Qc2 h6 15. 0-0 Rxb7 16. Rfe1 0-0 17. Bxh6 Qd6 18. Bg5 Bxf3 19. Nxf3 1-0